[Event "Florianopolis op 2nd"]
[Site "Florianopolis"]
[Date "2016.01.19"]
[Round "5"]
[White "Lopes, Heloisa Borges"]
[Black "Cristaldo, Ulises"]
[Result "0-1"]
[WhiteElo "1787"]
[BlackElo "1574"]
[PlyCount "53"]
[EventDate "2016.01.16"]
[EventType "swiss"]
[EventRounds "10"]
[EventCountry "BRA"]
[SourceTitle "CBM 170 Extra"]
[Source "ChessBase"]
[SourceDate "2016.02.25"]
[SourceVersion "1"]
[SourceVersionDate "2016.02.25"]
[SourceQuality "1"]

1. e4 e5 2. Nf3 Nc6 3. Nc3 Nf6 4. Bc4 Bc5 5. d3 a6 6. Be3 Ba7 7. 0-0 d6 8. h3 Be6 9. Bb3 Bxe3 10. fxe3 h6 11. Qe2 g5 12. Rad1 g4 13. hxg4 Bxg4 14. Kh1 Qe7 15. a3 0-0-0 16. Qf2 Nh7 17. Rc1 Ng5 18. Nd5 Qf8 19. Nf6 Bxf3 20. gxf3 Ne7 21. c4 c6 22. c5 Kb8 23. Rc4 Qg7 24. Ng4 h5 25. Nh2 Rhg8 26. Qc2 Nh3 27. Ng4 0-1

[Event "Florianopolis op 2nd"]
[Site "Florianopolis"]
[Date "2016.01.18"]
[Round "4"]
[White "Cristaldo, Ulises"]
[Black "Mendes, Rodrigo Machado"]
[Result "0-1"]
[WhiteElo "1574"]
[BlackElo "1924"]
[PlyCount "50"]
[EventDate "2016.01.16"]
[EventType "swiss"]
[EventRounds "10"]
[EventCountry "BRA"]
[SourceTitle "CBM 170 Extra"]
[Source "ChessBase"]
[SourceDate "2016.02.25"]
[SourceVersion "1"]
[SourceVersionDate "2016.02.25"]
[SourceQuality "1"]

1. d4 Nf6 2. c4 e6 3. Nf3 b6 4. g3 Bb7 5. Bg2 Be7 6. 0-0 0-0 7. Nc3 d6 8. Qc2 Nbd7 9. Rd1 c5 10. d5 exd5 11. cxd5 Re8 12. b3 a6 13. Bb2 b5 14. Rac1 Bf8 15. h3 Nb6 16. e4 b4 17. Nb1 Nxe4 18. Nh2 Nf6 19. Qf5 Qd7 20. Qg5 h6 21. Qd2 Nfxd5 22. g4 Re6 23. g5 hxg5 24. Qxg5 Rg6 25. Qh5 Nf4 0-1

[Event "Encarnacion op 1st"]
[Site "Encarnacion"]
[Date "2015.04.04"]
[Round "5"]
[White "Pereira, Sergio1111"]
[Black "Cristaldo, Ulises"]
[Result "1-0"]
[WhiteElo "1842"]
[BlackElo "1522"]
[PlyCount "49"]
[EventDate "2015.04.02"]
[EventType "swiss"]
[EventRounds "7"]
[EventCountry "PAR"]
[SourceTitle "CBM 166 Extra"]
[Source "ChessBase"]
[SourceDate "2015.06.18"]
[SourceVersion "1"]
[SourceVersionDate "2015.06.18"]
[SourceQuality "1"]

1. Nf3 Nf6 2. c4 e6 3. Nc3 d5 4. d4 Be7 5. cxd5 exd5 6. Bg5 h6 7. Bf4 c6 8. Qc2 0-0 9. e3 Nbd7 10. Bd3 Re8 11. h3 Nf8 12. 0-0-0 Ne6 13. Be5 Bd6 14. g4 Bxe5 15. dxe5 Nd7 16. h4 Ndc5 17. Bf5 Qe7 18. g5 h5 19. g6 f6 20. Ne2 Nf8 21. Bxc8 Raxc8 22. exf6 Qxf6 23. Nf4 Ne4 24. Ng5 Nxg5 25. hxg5 1-0

[Event "Asuncion op"]
[Site "Asuncion"]
[Date "2014.05.11"]
[Round "9"]
[White "Bento, Robert"]
[Black "Cristaldo, Ulises"]
[Result "0-1"]
[WhiteElo "1754"]
[BlackElo "1465"]
[PlyCount "52"]
[EventDate "2014.04.30"]
[EventType "swiss"]
[EventRounds "9"]
[EventCountry "PAR"]
[SourceTitle "CBM 160 Extra"]
[Source "ChessBase"]
[SourceDate "2014.07.01"]
[SourceVersion "1"]
[SourceVersionDate "2014.07.01"]
[SourceQuality "1"]

1. e4 e5 2. Nf3 Nc6 3. Bc4 Bc5 4. c3 Nf6 5. d3 a6 6. 0-0 d6 7. h3 Ba7 8. Bg5 h6 9. Bh4 g5 10. Bg3 g4 11. hxg4 Bxg4 12. Qb3 Ke7 13. Nbd2 Na5 14. Qb4 Nxc4 15. Qxc4 Rg8 16. d4 Bxf3 17. gxf3 Qd7 18. Kg2 Nh5 19. Rh1 Nf4+ 20. Kf1 b5 21. Qb3 Nh3 22. dxe5 dxe5 23. Rd1 Qd3+ 24. Kg2 Nf4+ 25. Kh2 Rxg3 26. Kxg3 Rg8+ 0-1

[Event "Asuncion op"]
[Site "Asuncion"]
[Date "2014.05.10"]
[Round "8"]
[White "Cristaldo, Ulises"]
[Black "Avalos Arguello, Jose Mathias"]
[Result "1-0"]
[WhiteElo "1465"]
[BlackElo "1629"]
[PlyCount "57"]
[EventDate "2014.04.30"]
[EventType "swiss"]
[EventRounds "9"]
[EventCountry "PAR"]
[SourceTitle "CBM 160 Extra"]
[Source "ChessBase"]
[SourceDate "2014.07.01"]
[SourceVersion "1"]
[SourceVersionDate "2014.07.01"]
[SourceQuality "1"]

1. e4 c5 2. Nf3 e6 3. d4 cxd4 4. Nxd4 Nc6 5. Nb5 a6 6. Nd6+ Bxd6 7. Qxd6 Qe7 8. Bf4 e5 9. Qxe7+ Ngxe7 10. Bd2 d5 11. exd5 Nxd5 12. Nc3 Be6 13. Nxd5 Bxd5 14. 0-0-0 0-0-0 15. f3 Kb8 16. Be2 Nd4 17. Bd3 Bxa2 18. b3 Bxb3 19. cxb3 Nxb3+ 20. Kc2 Nxd2 21. Rxd2 Rd7 22. Bf5 Rxd2+ 23. Kxd2 Rd8+ 24. Ke2 h6 25. h4 Re8 26. h5 Rd8 27. Rh4 b5 28. Rg4 Rg8 29. Bh7 1-0

[Event "Asuncion op"]
[Site "Asuncion"]
[Date "2014.04.30"]
[Round "1"]
[White "Butti, Enrique"]
[Black "Cristaldo, Ulises"]
[Result "1/2-1/2"]
[WhiteElo "2062"]
[BlackElo "1465"]
[PlyCount "37"]
[EventDate "2014.04.30"]
[EventType "swiss"]
[EventRounds "9"]
[EventCountry "PAR"]
[SourceTitle "CBM 160 Extra"]
[Source "ChessBase"]
[SourceDate "2014.07.01"]
[SourceVersion "1"]
[SourceVersionDate "2014.07.01"]
[SourceQuality "1"]

1. d4 Nf6 2. c4 e6 3. Nf3 b6 4. e3 Bb7 5. Bd3 d5 6. 0-0 dxc4 7. Bxc4 Be7 8. Nc3 0-0 9. Qe2 c5 10. Rd1 cxd4 11. exd4 Nd5 12. Bd3 Nd7 13. Qe4 N7f6 14. Qh4 Nxc3 15. bxc3 Bxf3 16. gxf3 Qd5 17. Bg5 h6 18. Bxf6 Bxf6 19. Qe4 1/2-1/2